000 00316nam a22001337a 4500
008 240318b ||||| |||| 00| 0 eng d
041 _aeng
080 _21967 VOLUME IV
_a621
082 _a621WHE
100 _a19
101 _aIE
245 _aHISTORY ON THE INDUCTIVE SCIENCES
_cWILLIAM WHEWELL
942 _2udc
_cBK
999 _c60598
_d60598